<?xml version="1.0" encoding="UTF-8"?><?xml-stylesheet type="text/xsl" href="static/style.xsl"?><OAI-PMH xmlns="http://www.openarchives.org/OAI/2.0/" xmlns:xsi="http://www.w3.org/2001/XMLSchema-instance" xsi:schemaLocation="http://www.openarchives.org/OAI/2.0/ http://www.openarchives.org/OAI/2.0/OAI-PMH.xsd"><responseDate>2026-04-28T21:00:26Z</responseDate><request verb="GetRecord" identifier="oai:uvadoc.uva.es:10324/52" metadataPrefix="marc">https://uvadoc.uva.es/oai/request</request><GetRecord><record><header><identifier>oai:uvadoc.uva.es:10324/52</identifier><datestamp>2025-02-19T08:35:52Z</datestamp><setSpec>com_10324_30605</setSpec><setSpec>com_10324_894</setSpec><setSpec>col_10324_41</setSpec></header><metadata><record xmlns="http://www.loc.gov/MARC21/slim" xmlns:doc="http://www.lyncode.com/xoai" xmlns:xsi="http://www.w3.org/2001/XMLSchema-instance" xmlns:dcterms="http://purl.org/dc/terms/" xsi:schemaLocation="http://www.loc.gov/MARC21/slim http://www.loc.gov/standards/marcxml/schema/MARC21slim.xsd">
<leader>00925njm 22002777a 4500</leader>
<datafield tag="042" ind1=" " ind2=" ">
<subfield code="a">dc</subfield>
</datafield>
<datafield tag="720" ind1=" " ind2=" ">
<subfield code="a">Rodríguez Caballero, Juan Carlos</subfield>
<subfield code="e">author</subfield>
</datafield>
<datafield tag="260" ind1=" " ind2=" ">
<subfield code="c">2003</subfield>
</datafield>
<datafield tag="520" ind1=" " ind2=" ">
<subfield code="a">El objetivo de esta investigación es presentar de manera ordenada la visión que tenían los economistas clásicos del mercado de trabajo y articular sus ideas dentro de un corpus sistemático. Se pretende además hacer una reconstrucción de los argumentos de los autores clásicos en el campo de la economía laboral tratando sobre todo de establecer las similitudes y las diferencias entre dichos argumentos y las concepciones actuales. La investigación se ha dividido en tres grandes partes. La  parte  primera se dedica al análisis de los principales contenidos teóricos aportados por los economistas del período clásico en el campo de la "economía laboral". La parte segunda de la tesis presenta un conjunto de temas que en su día generaron un gran debate no solamente entre los principales economistas de la época sino, sobre todo, en el ámbito político: la cuestión de las "leyes de pobres", la cuestión de la reducción de la jornada de trabajo y la cuestión de los sindicatos Finalmente, en la parte tercera, se sintetizan las ideas más importantes respecto a tres temas de carácter residual: la división del trabajo, la distinción entre trabajo productivo e improductivo y el concepto marxiano de explotación</subfield>
</datafield>
<datafield tag="024" ind2=" " ind1="8">
<subfield code="a">http://uvadoc.uva.es/handle/10324/52</subfield>
</datafield>
<datafield tag="024" ind2=" " ind1="8">
<subfield code="a">b1383231</subfield>
</datafield>
<datafield tag="024" ind2=" " ind1="8">
<subfield code="a">10.35376/10324/52</subfield>
</datafield>
<datafield ind1=" " ind2=" " tag="653">
<subfield code="a">Economía del trabajo</subfield>
</datafield>
<datafield ind1=" " ind2=" " tag="653">
<subfield code="a">Economía política-Historia</subfield>
</datafield>
<datafield tag="245" ind1="0" ind2="0">
<subfield code="a">La economía laboral en el período clásico de la historia del pensamiento económico</subfield>
</datafield>
</record></metadata></record></GetRecord></OAI-PMH>